Nghề lâm sinh

Nội dung sách trình bày khái quát một số nét về sinh thái rừng, quy trình kỹ thuật cơ bản về trồng rừng, nuôi dưỡng rừng trồng và rừng tự nhiên nghèo kiệt, các loại rừng phòng hộ các trồng và chăm sóc....

Cijeli opis

Spremljeno u:
Bibliografski detalji
Glavni autor: Đỗ, Nguyên Ban
Format: Knjiga
Jezik:Undetermined
Izdano: Hà Nội Giáo dục 2001
Teme:
Oznake: Dodaj oznaku
Bez oznaka, Budi prvi tko označuje ovaj zapis!
Thư viện lưu trữ: Trung tâm Học liệu Trường Đại học Cần Thơ
LEADER 00828nam a2200193Ia 4500
001 CTU_142100
008 210402s9999 xx 000 0 und d
082 |a 634.9 
082 |b B105 
100 |a Đỗ, Nguyên Ban 
245 0 |a Nghề lâm sinh 
245 0 |c Đỗ Nguyên Ban 
260 |a Hà Nội 
260 |b Giáo dục 
260 |c 2001 
520 |a Nội dung sách trình bày khái quát một số nét về sinh thái rừng, quy trình kỹ thuật cơ bản về trồng rừng, nuôi dưỡng rừng trồng và rừng tự nhiên nghèo kiệt, các loại rừng phòng hộ các trồng và chăm sóc. 
650 |a Forests and forestry,Lâm sinh 
904 |i Tuyến 
980 |a Trung tâm Học liệu Trường Đại học Cần Thơ